Análisis de la materia
Saved in:
| Main Author: | |
|---|---|
| Format: | Book |
| Language: | Spanish |
| Published: |
Madrid
Taurus
1976
|
| Edition: | 2a. ed |
| Series: | Ensayistas, 62
|
| Subjects: | |
| Tags: |
Add Tag
No Tags, Be the first to tag this record!
|
MARC
| LEADER | 00000nam a2200000 a 4500 | ||
|---|---|---|---|
| 001 | UCV8419 | ||
| 003 | CL-VaPUC | ||
| 008 | 910617e19760000SP |||||||||||||||||spa|d | ||
| 082 | 0 | 4 | |a 530.01 |b RUS |2 21 |
| 100 | 0 | |a Russell, Bertrand |e author |9 302476 | |
| 245 | 1 | 0 | |a Análisis de la materia |
| 250 | |a 2a. ed | ||
| 300 | |a 470 p | ||
| 942 | |c BK | ||
| 945 | |d 19910617 00:00:00 | ||
| 260 | |a Madrid |b Taurus |c 1976 | ||
| 650 | 0 | |a Filosofía de las ciencias |9 256466 | |
| 650 | 0 | |a Física |9 227844 | |
| 583 | |a last modification |c 20121001 10:27:34 |k Rodrigo Vera | ||
| 490 | 0 | |a Ensayistas, 62 | |
| 999 | |c 213933 |d 213931 | ||
| 952 | |0 0 |1 0 |4 0 |6 530_010000000000000_RUS_1976 |7 0 |8 A |9 196836 |a BIBARQ |b BIBARQ |d 2019-11-14 |i 2646269 |l 1 |o 530.01 RUS 1976 |p 2646269 |r 2025-01-20 |s 2024-04-10 |w 2019-11-14 |y BK |k ARQ | ||